الإتصال و الإعلام في المجتمعات المعاصره / (رقم التسجيلة. 320)

تفاصيل مارك
000 -LEADER
fixed length control field 00557nam a22001697a 4500
005 - DATE AND TIME OF LATEST TRANSACTION
control field 20251108163337.0
008 - FIXED-LENGTH DATA ELEMENTS--GENERAL INFORMATION
fixed length control field 250721s1995 xx 000 0 ara d
082 14 - DEWEY DECIMAL CLASSIFICATION NUMBER
Classification number 001.5/إصب
100 1# - MAIN ENTRY--PERSONAL NAME
Personal name أبو أصبع، صالح
245 10 - TITLE STATEMENT
Title الإتصال و الإعلام في المجتمعات المعاصره /
264 1# - PRODUCTION, PUBLICATION, DISTRIBUTION, MANUFACTURE, AND COPYRIGHT NOTICE
Place of production, publication, distribution, manufacture عمان :
Name of producer, publisher, distributor, manufacturer دار ارام للدراسات والنشر والتوزيع،
Date of production, publication, distribution, manufacture, or copyright notice 1995.
300 ## - PHYSICAL DESCRIPTION
Extent 275ص.
650 17 - SUBJECT ADDED ENTRY--TOPICAL TERM
Topical term or geographic name as entry element الإعلام
650 17 - SUBJECT ADDED ENTRY--TOPICAL TERM
Topical term or geographic name as entry element وسائل الإتصال الجماهيري
942 ## - ADDED ENTRY ELEMENTS (KOHA)
Source of classification or shelving scheme Dewey Decimal Classification
Koha item type كتب
المقتنيات
حالة السحب حالة الفقدان مصدر التصنيف حالة التلف غير قابل للإعارة المكتبة الرئيسية المكتبة الحالية موقع الرف تاريخ التزويد الرقم المتسلسل Total Checkouts رقم الإستدعاء تاريخ آخر ظهور تاريخ الفاتورة نوع المادة (كوها) الباركود
    Dewey Decimal Classification     مكتبة الجويدة مكتبة الجويدة الإعارة 21/04/2015 (4518)   001.5/إصب 28/07/2025 21/04/2015 كتب PLD00320752
    Dewey Decimal Classification Unchecked   مكتبة صويلح العامة مكتبة صويلح العامة الإعارة 06/07/2004 9430   001.5/إصب 28/07/2025 06/07/2004 كتب  
    Dewey Decimal Classification     مكتبة عدن للأطفال مكتبة عدن للأطفال الإعارة 16/02/2025 1793044   001.5/إصب 28/07/2025 16/02/2025 كتب PLD00515639
    Dewey Decimal Classification     مكتبة وادي السير العامة مكتبة وادي السير العامة الإعارة 23/03/2016 [5602]   001.5/إصب 28/07/2025 23/03/2016 كتب PLD00381994
Implemented & Customized by: BBB with SCIT (Smart Chains for Information Technology)

Powered by Koha